El principito /
Guardado en:
| Autor Principal: | |
|---|---|
| Formato: | Libro |
| Publicado: |
Colombia :
Nuevo Siglo,
1995
|
| Materias: | |
| Etiquetas: |
Agregar Etiqueta
Sin Etiquetas, Sea el primero en etiquetar este registro!
|
| LEADER | 00626nam a22002055a 4500 | ||
|---|---|---|---|
| 001 | CEM.cems016466 | ||
| 008 | 130507s1995##################000#0#####d | ||
| 005 | 20221024115329.0 | ||
| 245 | 1 | 0 | |a El principito / |c Antoine de Saint Exupery, |
| 260 | |a Colombia : |b Nuevo Siglo, |c 1995 | ||
| 300 | |a 124 p. | ||
| 100 | 1 | |a Saint Exupery, Antoine de | |
| 082 | 0 | 4 | |a 843 |
| 653 | |a Literatura | ||
| 653 | |a Literatura francesa | ||
| 653 | |a Literatura infantil | ||
| 653 | |a Novela francesa | ||
| 653 | |a Novela | ||
| 859 | |a CEMS |b BIB. CEMS - Agricultura |h 843 |i Sa21 |p A0049.00 |t Ej.1 | ||
| 859 | |a CEMS |b BIB. CEMS - Agricultura |h 843 |i Sa21 |p A3403.21 |t Ej.2 | ||
